Európa legnagyobb fürdőkomplexuma - egy sikeresen működő hazai fürdő elemzése turisztikai szempontból
| Main Author: | |
|---|---|
| Other Authors: | |
| Format: | Thesis |
| Kulcsszavak: | Egészségturizmus, magyar Egészségturizmus, fejlesztés Hajdúszoboszló Gazdálkodás, Hungarospa Hajdúszoboszlói Zrt. Elemzés |
| Online Access: | http://dolgozattar.uni-bge.hu/59386 |
MARC
| LEADER | 00000nta a2200000 i 4500 | ||
|---|---|---|---|
| 001 | dolg59386 | ||
| 005 | 20260114110326.0 | ||
| 008 | 260114suuuu hu om 000 hun d | ||
| 040 | |a BGE Dolgozattár Repozitórium |b hun | ||
| 041 | |a hu | ||
| 100 | 1 | |a Szabó Adrienn | |
| 245 | 1 | 0 | |a Európa legnagyobb fürdőkomplexuma - egy sikeresen működő hazai fürdő elemzése turisztikai szempontból |c Szabó Adrienn |h [elektronikus dokumentum] |
| 695 | |a Egészségturizmus, magyar | ||
| 695 | |a Egészségturizmus, fejlesztés | ||
| 695 | |a Hajdúszoboszló | ||
| 695 | |a Gazdálkodás, Hungarospa Hajdúszoboszlói Zrt. | ||
| 695 | |a Elemzés | ||
| 700 | 1 | |a Nagy Adrienne |e ths | |
| 856 | 4 | 0 | |u http://dolgozattar.uni-bge.hu/59386/1/Szabo-Adrienn.pdf |z Dokumentum-elérés |